| 000 -ლიდერი |
| ფიქსირებული სიგრძის საკონტროლო ველი |
01719nam a22002417a 4500 |
| 003 - საკონტროლო ნომრის იდენტიფიკატორი |
| საკონტროლო ველი |
Ge_BSU |
| 005 - ბოლო ოპერაციის თარიღი და დრო |
| საკონტროლო ველი |
20250619110601.0 |
| 008 - ფიქსირებული სიგრძის მონაცემთა ელემენტები - ზოგადი ინფორმაცია |
| ფიქსირებული სიგრძის საკონტროლო ველი |
250619s2020 ge ||||| |||| 00| 0 geo d |
| 020 ## - წიგნის საერთაშორისო სტანდარტული ნომერი |
| International Standard Book Number |
9789941964701 |
| 041 ## - ენის კოდი |
| Language code of text/sound track or separate title |
geo |
| 080 ## - უნივერსალური ათობითი კლასიფიკაციის ინდექსი |
| Universal Decimal Classification number |
347.4(478.22)(075.8) ბ-73 |
| 100 ## - მთავარი ჩანაწერი - პიროვნების სახელი |
| Personal name |
ბიჭია, მიხეილ |
| 9 (RLIN) |
8142 |
| 245 ## - ცნობა სათაურის შესახებ |
| Title |
კანონისმიერი ვალდებულებითი ურთიერთობები : |
| Remainder of title |
(დამხმარე სახელმძღვანელო) : საზიარო უფლებები, დავალების გარეშე სხვისი საქმეების შესრულება, უსაფუძვლო გამდიდრება, დელიქტური ვალდებულებები / |
| Statement of responsibility, etc |
მიხეილ ბიჭია; რედაქტორები: მარიამ ცისკაძე, ზურაბ ძლიერიშვილი. |
| 250 ## - გამოცემის ცნობა |
| Edition statement |
მე-3 გადამუშავებული გამოცემა |
| 264 ## - წარმოების, გამოცემის, დისტრიბუციის და სხვა ცნობები |
| გამოცემის, წარმოების, დისტრიბუციის... ადგილი |
თბილისი : |
| გამოცემის, წარმოების, დისტრიბუციის... სახელწოდება |
ბონა კაუზა, |
| გამოცემის, წარმოების, დისტრიბუციის... თარიღი |
2020. |
| 300 ## - ფიზიკური აღწერა |
| Extent |
586 გვ. ; |
| Other physical details |
20 სმ. |
| 490 ## - სერიის ცნობა |
| Series statement |
იურისტის ბიბლიოთეკა |
| 504 ## - BIBLIOGRAPHY, ETC. NOTE |
| Bibliography, etc |
ბიბლიოგრაფია: გვ. 546-585 და ტექსტის შენიშვნებში. |
| 653 ## - INDEX TERM--UNCONTROLLED |
| Uncontrolled term |
ვალდებულებითი სამართალი |
| 700 ## - ADDED ENTRY--PERSONAL NAME |
| Personal name |
ცისკაძე, მარიამ |
| Relator term |
რედაქტორი |
| 9 (RLIN) |
8143 |
| 700 ## - ADDED ENTRY--PERSONAL NAME |
| Personal name |
ძლიერიშვილი, ზურაბ |
| Relator term |
რედაქტორი |
| 9 (RLIN) |
8152 |
| 942 ## - ADDED ENTRY ELEMENTS (KOHA) |
| Source of classification or shelving scheme |
|
| Koha item type |
წიგნი |